000 01308cab a2200301 4500
001 X2930
008 090401t1995 xxu||||| |||| 00| 0 eng d
035 _a(Sirsi) u27287
041 _aeng
245 _aBarnsley BC and Cobex Ltd
260 _c1995
350 _a0
490 _aPlanning Appeal Decisions
_v(1995) 10 PAD 768-775(8)
520 _aDecision letter 17 July 1995. Opencast extraction of coal and clay - restoration to golf course - 43 ho site - bowl inattractive undulating countryside - 160,000 tonnes of coal from 17 ha in 22 month period - restoration to golf course - 40 daily HGV movements - noise -dust - visual amenity - development and structural plans - draft UDP - minerals local plan - area of borough landscape value - green belt - area of county landscape value - sterilisation of minerals - balance between economic benefits and environmental considerations.
650 _aGOLF COURSE
650 _aGREEN BELT
650 _aLAND RECLAMATION
650 _aMPG11
650 _aMPG3
650 _aNUISANCE
650 _aOPENCAST COAL MINING
650 _aPPG1
650 _aPLANNING POLICY GUIDANCE NOTE 2 (GREEN BELTS)
650 _aTOWN AND COUNTRY PLANNING ACT 1990 S78
690 _aPLANNING LAW AND PRACTICE-CASE LAW
942 _n0
948 _c04/03/1997
999 _c18365
_d18365